000 00396nam a2200145Ia 4500
008 240729s9999 xx 000 0 und d
022 _a2278-0521
245 0 _aSaudi Journal for Health Sciences
260 _aIndia
260 _bWolters Kluwer Medknow Publications
650 _aMedicine
856 _uhttps://doaj.org/toc/6d64fc989b484443b36327b220630b34
942 _2ddc
942 _cDOAJEJ
999 _c70208
_d70208
945 _a1
_bMadushi Gamage
_c1
_dMadushi Gamage